Xây dựng hệ thống bài tập hóa học phần ancol-phenol lớp 11 trung học phổ thông dùng cho học sinh khá giỏi
Xây dựng cơ sở lí luận của đề tài nghiên cứu. Tìm hiểu nguyên tắc, quy trình xây dựng hệ thống bài tập hóa học dùng cho học sinh khá giỏi. Xây dựng hệ thống bài tập hóa học phần ancol-phenol lớp 11 dùng cho học sinh khá giỏi.
Đã lưu trong:
| 主要作者: | |
|---|---|
| 其他作者: | |
| 格式: | 圖書 |
| 語言: | Vietnamese |
| 出版: |
Đà Nẵng
Đại học Sư phạm, Đại học Đà Nẵng
2013
|
| 主題: | |
| 標簽: |
添加標簽
沒有標簽, 成為第一個標記此記錄!
|
| Thư viện lưu trữ: | Mạng thư viện Đại học Đà Nẵng |
|---|
| LEADER | 01875nam a2200385 4500 | ||
|---|---|---|---|
| 001 | 000018820 | ||
| 003 | 15255 | ||
| 005 | 20140114160118.0 | ||
| 008 | 140109s2013 viesd | ||
| 041 | |a vie | ||
| 082 | 1 | 4 | |a 547.6 |b TR-L |
| 100 | 1 | |a Trần Thị Luyến | |
| 245 | 1 | 0 | |a Xây dựng hệ thống bài tập hóa học phần ancol-phenol lớp 11 trung học phổ thông dùng cho học sinh khá giỏi |c Trần Thị Luyến ; Nguyễn Thị Lan Anh hướng dẫn |k Khóa luận tốt nghiệp |
| 260 | |a Đà Nẵng |b Đại học Sư phạm, Đại học Đà Nẵng |c 2013 | ||
| 300 | |a 97 tr. |b Hình mh. |c 29 cm. |e Bản tóm tắt | ||
| 500 | |a Khóa luận tốt nghiệp đại học. Chuyên ngành: Sư phạm hóa học | ||
| 520 | |a Xây dựng cơ sở lí luận của đề tài nghiên cứu. Tìm hiểu nguyên tắc, quy trình xây dựng hệ thống bài tập hóa học dùng cho học sinh khá giỏi. Xây dựng hệ thống bài tập hóa học phần ancol-phenol lớp 11 dùng cho học sinh khá giỏi. | ||
| 650 | 0 | 4 | |a Ancol - Phenol |v Khóa luận tốt nghiệp |x Dạy và học |
| 650 | 0 | 4 | |a Hóa hữu cơ |v Khóa luận tốt nghiệp |x Bài tập |
| 653 | |a Hệ thống bài tập | ||
| 653 | |a Ancol | ||
| 653 | |a Giáo dục trung học | ||
| 653 | |a Khoa Hóa | ||
| 653 | |a Phenol | ||
| 700 | 1 | |a Nguyễn Thị Lan Anh |e Hướng dẫn | |
| OWN | |a LSP | ||
| AVA | |a UDN50 |b LSP |d 547.6 TR-L |e available |t Error 5001 Not defined in file expand_doc_bib_avail. |f 1 |g 0 |h N |i 0 |k 1 | ||
| 999 | |a From the UDN01 | ||
| AVA | |a UDN50 |b LSP |d 547.6 TR-L |e available |t Error 5001 Not defined in file expand_doc_bib_avail. |f 1 |g 0 |h N |i 0 |k 1 | ||
| TYP | |a Monograph | ||
| TYP | |a Printed language | ||
| 980 | |a Mạng thư viện Đại học Đà Nẵng | ||